The rose bargain / (Record no. 9614)

MARC details
000 -LEADER
fixed length control field 00773nam a22002297a 4500
001 - CONTROL NUMBER
control field 9614
003 - CONTROL NUMBER IDENTIFIER
control field FISKH
005 - DATE AND TIME OF LATEST TRANSACTION
control field 20260126102510.0
008 - FIXED-LENGTH DATA ELEMENTS--GENERAL INFORMATION
fixed length control field 260126b cb ||||| |||| 00| 0 eng d
020 ## - INTERNATIONAL STANDARD BOOK NUMBER
International Standard Book Number 9780008657482
040 ## - CATALOGING SOURCE
Original cataloging agency FISKH
Language of cataloging eng
Transcribing agency FISKH
Modifying agency FISKH
050 ## - LIBRARY OF CONGRESS CALL NUMBER
Classification number PZ7.1 .S6555 .R
082 ## - DEWEY DECIMAL CLASSIFICATION NUMBER
Classification number 813.00
100 ## - MAIN ENTRY--PERSONAL NAME
Personal name Smith, Sasha Peyton
245 ## - TITLE STATEMENT
Title The rose bargain /
Statement of responsibility, etc. Sasha Peyton Smith
260 ## - PUBLICATION, DISTRIBUTION, ETC.
Place of publication, distribution, etc. London :
Name of publisher, distributor, etc. Electric Monkey,
Date of publication, distribution, etc. 2025.
300 ## - PHYSICAL DESCRIPTION
Extent 383 pages :
Dimensions 20 cm
520 ## - SUMMARY, ETC.
Summary, etc. "Ivy Benton must enter into a marriage contest with a fae prince in order to free her sister from a bargain previously made with the vicious fae queen of England"--
650 ## - SUBJECT ADDED ENTRY--TOPICAL TERM
Topical term or geographic name entry element Romantasy
Form subdivision Digital Signature
General subdivision Fairy Loot Exclusive
942 ## - ADDED ENTRY ELEMENTS (KOHA)
Source of classification or shelving scheme Dewey Decimal Classification
Koha item type Books
Suppress in OPAC No
Holdings
Withdrawn status Lost status Source of classification or shelving scheme Damaged status Not for loan Collection Home library Current library Shelving location Date acquired Total Checkouts Full call number Barcode Date last seen Date last checked out Copy number Price effective from Koha item type
    Dewey Decimal Classification     Fiction Footprints International School Library Network Toul Kork Campus Footprints International School Library Network Toul Kork Campus A TK Campus, 4th Floor, Room B401, Fiction Bookcases (1-6) 01/26/2026 1 SMI 813.00 PZ7.1 .S6555 .R 2026-0130 03/20/2026 03/12/2026 1 01/26/2026 Books